LEADER 01194nam0-22004091i-450- 001 990005516420203316 005 20050530120000.0 035 $a000551642 035 $aUSA01000551642 035 $a(ALEPH)000551642USA01 035 $a000551642 100 $a20041008d2005-------|0enac50------ba 101 $aeng 102 $aGB 105 $a|||| ||||| 200 1 $aApplied stochastic control of jump diffusion$fBernt Okesendal, Agnes Sulem 210 $aBerlin$cSpringer$dc2005 215 $aX, 208 p.$cill. , 24 cm 225 2$aUniversitext 410 1$12001$aUniversitext 606 $aProcessi stocastici$2FI 620 $dBerlin 676 $a519.2$cProbabilità$v21 700 1$aOKSENDAL,$bBernt$0340540 701 1$aSULEM,$bAgnes$0286541 712 $aSpringer 801 $aIT$bSOL$c20120104 912 $a990005516420203316 950 $aDIP.TO SCIENZE ECONOMICHE - (SA)$dDS 500 519.2 OKS$e12061 DISES 951 $a500 519.2 OKS$b12061 DISES 959 $aBK 969 $aDISES 979 $c20121027$lUSA01$h1532 979 $c20121027$lUSA01$h1613 996 $aApplied stochastic control of jump diffusion$91129874 997 $aUNISA NUM $aUSA12879 LEADER 02750oas 2200901 a 450 001 9910626144403321 005 20260127110526.0 011 $a2374-9423 035 $a(DE-599)ZDB2027789-1 035 $a(OCoLC)56545984 035 $a(CONSER) 2009250585 035 $a(CKB)954925610923 035 $a(DE-599)2027789-1 035 $a(EXLCZ)99954925610923 100 $a20040921b19972000 uy a 101 0 $aeng 135 $aur||||||||||| 181 $ctxt$2rdacontent 182 $cc$2rdamedia 183 $acr$2rdacarrier 200 10$aIEEE intelligent systems & their applications 210 $aLos Alamitos, CA $cIEEE Computer Society, Publications Office$d©1997-©2000 300 $aRefereed/Peer-reviewed 311 08$a1094-7167 517 3 $aIntelligent systems & their applications 517 1 $aIntelligent systems & their applications, IEEE 517 3 $aInstitute of Electrical and Electronic Engineers intelligent systems & their applications 517 3 $aIEEE intelligent systems and their applications 517 3 $aIntelligent systems and their applications 517 1 $aIEEE expert 517 1 $aIEEE intelligent systems 606 $aExpert systems (Computer science)$vPeriodicals 606 $aArtificial intelligence$vPeriodicals 606 $aSyste?mes experts (Informatique)$vPe?riodiques 606 $aIntelligence artificielle$vPe?riodiques 606 $aArtificial intelligence$2fast$3(OCoLC)fst00817247 606 $aExpert systems (Computer science)$2fast$3(OCoLC)fst00918516 606 $aExpertsystemen$2gtt 608 $aPeriodicals.$2fast 608 $aPeriodicals.$2lcgft 615 0$aExpert systems (Computer science) 615 0$aArtificial intelligence 615 6$aSyste?mes experts (Informatique) 615 6$aIntelligence artificielle 615 7$aArtificial intelligence. 615 7$aExpert systems (Computer science) 615 17$aExpertsystemen. 676 $a006.3/3/05 712 02$aInstitute of Electrical and Electronics Engineers 712 02$aIEEE Computer Society.$bPublications Office. 801 0$bHNK 801 1$bHNK 801 2$bOCLCQ 801 2$bOCL 801 2$bNSD 801 2$bSYB 801 2$bBUF 801 2$bAU@ 801 2$bOCLCE 801 2$bOCLCO 801 2$bOCLCQ 801 2$bOCLCF 801 2$bDLC 801 2$bOCLCO 801 2$bOCLCQ 801 2$bOCLCA 801 2$bUKMGB 801 2$bVT2 801 2$bNJT 801 2$bOCLCO 801 2$bOCLCQ 801 2$bUAB 801 2$bAUD 801 2$bOCLCL 906 $aJOURNAL 912 $a9910626144403321 996 $aIEEE intelligent systems & their applications$92426806 997 $aUNINA